00919nab a2200265uuc4500001000800000005001700008008004100025035001200066035002100078040001300099041000800112100003800120245010600158650003100264650003500295650003300330650001500363650002200378650002800400700002700428700002500455700002300480700002400503773012600527107409520240510090436.0080401e20070901 spa  a1074095 a(OCoLC)820395648 ccomduadb aspa10aMartinez de Pison, F.J.4auteaut10aReduccion de problemas de adherencia en procesos de galvanizado mediante tecnicas de mineria de datos 7aMinería de datos2armarc 7aMejoramiento de procesos2lemb aBúsqueda en bases de datos aAdherencia aAcero galvanizado aÁrboles de decisión10aOrdieres, J.4auteaut10aPernia, A.4auteaut10aAlba, F.4auteaut10aTorre, V.4auteaut0 tRevista de Metalurgia (Madrid)gVolumen 43, Número 05, Septiembre-Octubre de 2007, p. 325-336w112428x0034-8570092742